|
|
|
|
| LEADER |
00000cam a2200000 a 4500 |
| 001 |
vtls008354809 |
| 003 |
SK-MaSNL |
| 005 |
20260301164841.0 |
| 008 |
190102s1971 xo 000 slo |
| 015 |
|
|
|a SKSNBA1971/05-01312
|
| 035 |
|
|
|a SK01SNK19710047026
|
| 035 |
|
|
|a SKM000049489
|
| 040 |
|
|
|a SNK
|b slo
|c SNK
|e AACR2
|
| 041 |
1 |
|
|a slo
|h swe
|
| 044 |
|
|
|a xo
|c SK
|
| 080 |
|
|
|a 839.7-3(087.5)
|2 1981
|
| 100 |
1 |
|
|a Lindgren, Astrid,
|d 1907-2002
|4 aut
|9 208669
|
| 240 |
1 |
0 |
|a Pippi Langstrump i Söderhavet
|l Slovensky
|
| 245 |
1 |
0 |
|a Pippi na ďalekom ostrove
|c Astrid Lindgren ; zo šved. orig. [Pippi Langstrump i Söderhavet ...] prel. Jaroslav Kaňa ; ilustr. Karel Teissig
|
| 260 |
|
|
|a Bratislava
|b Mladé letá
|c 1971
|e Martin
|f Tlačiarne SNP
|
| 300 |
|
|
|a 96, [3] s.
|c 8°
|
| 490 |
1 |
|
|a Zlatý kľúčik
|
| 500 |
|
|
|a Pozn. Tit. kresba. Frontispice. Predsádky
|
| 521 |
|
|
|a Pre čitateľov od 9 rokov
|
| 563 |
|
|
|a 6000 výtl.
|
| 650 |
0 |
7 |
|a rozprávky autorské švédske
|2 SNK
|9 349127
|
| 655 |
|
7 |
|a umelecká literatúra
|2 SNKPH
|9 60405
|
| 700 |
1 |
7 |
|a Kaňa, Jaroslav,
|d 1925-2004
|4 trl
|9 180720
|
| 700 |
1 |
7 |
|a Teissig, Karel,
|d 1925-2000
|4 ill
|9 103103
|
| 730 |
|
|
|a Pippi Langstrump i Söderhavet
|9 532828
|
| 830 |
|
0 |
|a Zlatý kľúčik
|9 307616
|
| 852 |
|
|
|a Slovenská národná knižnica v Martine
|b 10000
|h SC 27487
|
| 852 |
|
|
|a Slovenská národná knižnica v Martine
|b 10000
|h SC 27487 D1
|
| 919 |
|
|
|a viaz.
|
| 958 |
|
|
|a OND
|
| 958 |
|
|
|a TL
|
| 958 |
|
|
|a RK
|
| 958 |
|
|
|a LX
|
| 958 |
|
|
|a DB
|
| 958 |
|
|
|a UP
|
| 958 |
|
|
|a SE
|
| 999 |
|
|
|c 822016
|d 823946
|
| 952 |
|
|
|a SNK
|b SNK
|y VYP
|7 0
|p 17A1149975
|o snkSC 27487 D1
|i snkKSP 4356/71
|3 rekatalogizácia
|0 0
|1 0
|4 0
|d 2016-03-10
|l 0
|r 2026-02-24 03:10:00
|w 2026-02-24
|